[Event "CZE-chT2E 1920"]
[Site "Czech Republic"]
[Date "2020.01.26"]
[Round "7.1"]
[White "Kalod, Radek"]
[Black "Mikes, Jan"]
[Result "1-0"]
[WhiteElo "2468"]
[BlackElo "2355"]
[PlyCount "49"]
[EventDate "2019.10.13"]
[EventType "team-tourn"]
[EventRounds "11"]
[EventCountry "CZE"]
[SourceTitle "EXT 2024"]
[Source "ChessBase"]
[SourceDate "2023.10.10"]
[SourceVersion "1"]
[SourceVersionDate "2023.10.10"]
[SourceQuality "1"]
[WhiteTeam "Lipovec Garde"]
[BlackTeam "Prusanky Podluzan"]
[WhiteTeamCountry "CZE"]
[BlackTeamCountry "CZE"]

1. e4 c5 2. Nf3 Nc6 3. Bb5 g6 4. c3 Bg7 5. d4 cxd4 6. cxd4 Nf6 7. Nc3 d5 8. Ne5 Bd7 9. Nxd7 Qxd7 10. e5 Ng8 11. 0-0 Nh6 12. Bg5 Nf5 13. Na4 0-0 14. Rc1 Nfxd4 15. Qxd4 Nxd4 16. Bxd7 Ne2+ 17. Kh1 Nxc1 18. Rxc1 Rfd8 19. e6 fxe6 20. Bxe6+ Kh8 21. Bxe7 Re8 22. Rc7 b5 23. Nc3 d4 24. Ne4 d3 25. g3 1-0

[Event "CZE-chT2E 1920"]
[Site "Czech Republic"]
[Date "2019.11.03"]
[Round "2.2"]
[White "Kalod, Radek"]
[Black "Dvorak, Martin"]
[Result "1-0"]
[WhiteElo "2468"]
[BlackElo "2193"]
[PlyCount "71"]
[EventDate "2019.10.13"]
[EventType "team-tourn"]
[EventRounds "11"]
[EventCountry "CZE"]
[SourceTitle "EXT 2024"]
[Source "ChessBase"]
[SourceDate "2023.10.10"]
[SourceVersion "1"]
[SourceVersionDate "2023.10.10"]
[SourceQuality "1"]
[WhiteTeam "Lipovec Garde"]
[BlackTeam "Kromeriz Slavia II"]
[WhiteTeamCountry "CZE"]
[BlackTeamCountry "CZE"]

1. e4 d5 2. exd5 Nf6 3. c4 c6 4. d4 cxd5 5. Nc3 Nc6 6. Bf4 Bg4 7. f3 Be6 8. c5 g6 9. Bb5 Bg7 10. Nge2 0-0 11. 0-0 Nh5 12. Be3 f5 13. Bxc6 bxc6 14. Nf4 Nxf4 15. Bxf4 Qa5 16. Qd2 Qb4 17. Rad1 Rfe8 18. Rfe1 Bf7 19. Be5 Bf6 20. Re2 Kg7 21. Rde1 a5 22. h4 Kg8 23. Qf4 Rf8 24. Kh2 Ra7 25. Kg3 h5 26. Nd1 a4 27. a3 Qc4 28. Nf2 Rb7 29. Nh3 Kg7 30. Qg5 Bxe5+ 31. Rxe5 Qxd4 32. Nf4 Qxc5 33. Re6 Rg8 34. Rxg6+ Kf8 35. Rxg8+ Bxg8 36. Qxf5+ 1-0

[Event "CZE-chT2E 1819"]
[Site "Czech Republic"]
[Date "2019.01.13"]
[Round "6.2"]
[White "Kalod, Radek"]
[Black "Krejca, Jakub"]
[Result "1-0"]
[WhiteElo "2456"]
[BlackElo "2141"]
[PlyCount "87"]
[EventDate "2018.10.14"]
[EventType "team-tourn"]
[EventRounds "11"]
[EventCountry "CZE"]
[SourceTitle "EXT 2022"]
[Source "ChessBase"]
[SourceDate "2021.10.06"]
[SourceVersion "1"]
[SourceVersionDate "2021.10.06"]
[SourceQuality "1"]
[WhiteTeam "Lipovec Garde"]
[BlackTeam "Zlin"]
[WhiteTeamCountry "CZE"]
[BlackTeamCountry "CZE"]

1. c4 e6 2. Nf3 d5 3. d4 Nf6 4. Nc3 Be7 5. Bg5 0-0 6. e3 Nbd7 7. Rc1 b6 8. cxd5 exd5 9. Bb5 Bb7 10. Qa4 c5 11. 0-0 a6 12. Bxd7 Nxd7 13. Bxe7 Qxe7 14. dxc5 bxc5 15. Qf4 Rac8 16. Rfd1 Nf6 17. Qe5 Rfe8 18. Qxe7 Rxe7 19. Na4 c4 20. Nd4 g6 21. Nc3 Kf8 22. Nde2 Rd7 23. Rd4 Ke7 24. Rcd1 Rcd8 25. h4 Bc6 26. f3 Rb8 27. R4d2 Rdb7 28. Nd4 Bd7 29. b3 Rc8 30. Rc1 cxb3 31. axb3 Rbc7 32. Rdc2 Bf5 33. e4 dxe4 34. g4 Rd8 35. Nxf5+ gxf5 36. g5 Rdc8 37. fxe4 fxe4 38. gxf6+ Ke6 39. Kf2 Ke5 40. Ke3 Rd8 41. Nxe4 Rxc2 42. Rxc2 Rb8 43. Rc5+ Ke6 44. Kf4 1-0

[Event "CZE-chT2E 1718"]
[Site "Czech Republic"]
[Date "2018.01.28"]
[Round "7.1"]
[White "Kalod, Radek"]
[Black "Slepov, Kyryl"]
[Result "1-0"]
[WhiteElo "2476"]
[BlackElo "2107"]
[PlyCount "109"]
[EventDate "2017.10.15"]
[EventType "team-tourn"]
[EventRounds "11"]
[EventCountry "CZE"]
[SourceTitle "EXT 2022"]
[Source "ChessBase"]
[SourceDate "2021.10.06"]
[SourceVersion "1"]
[SourceVersionDate "2021.10.06"]
[SourceQuality "1"]
[WhiteTeam "Lipovec Garde"]
[BlackTeam "Brno VSK Univ"]
[WhiteTeamCountry "CZE"]
[BlackTeamCountry "CZE"]

1. e4 c5 2. Nf3 d6 3. d4 cxd4 4. Nxd4 Nf6 5. Nc3 a6 6. Be3 e5 7. Nf3 Be7 8. Bc4 h6 9. 0-0 0-0 10. Qe2 Qc7 11. Rfd1 Be6 12. Bb3 Nbd7 13. Nh4 Nc5 14. Bxc5 Qxc5 15. Nf5 Rfe8 16. Qf3 Kh7 17. Rd3 Bf8 18. Rad1 Rad8 19. h3 b5 20. Ne3 a5 21. Ncd5 Nxd5 22. Bxd5 Qa7 23. Bc6 Re7 24. Bxb5 Rb7 25. a4 Qc5 26. b3 Rxb5 27. axb5 Qxb5 28. Nd5 a4 29. Nc7 Qa5 30. Nxe6 fxe6 31. Ra1 a3 32. c3 Ra8 33. Ra2 Qb5 34. Qd1 Be7 35. Qc2 Kg8 36. Rd1 d5 37. exd5 exd5 38. b4 Qc4 39. Rda1 d4 40. Rxa3 Rxa3 41. Rxa3 Bxb4 42. Ra8+ Bf8 43. Qf5 Qf7 44. Qxe5 dxc3 45. Qxc3 Kh7 46. Qd4 Qf5 47. Rd8 Be7 48. Qd3 Kg6 49. Rd5 Qxd3 50. Rxd3 Bf6 51. Kf1 Kf5 52. Ke2 Bb2 53. Kf3 Bf6 54. Rd5+ Kg6 55. Ke4 1-0

[Event "CZE-chT2E 1617"]
[Site "Czech Republic"]
[Date "2017.02.26"]
[Round "9.1"]
[White "Motuz, Karol"]
[Black "Kalod, Radek"]
[Result "1/2-1/2"]
[WhiteElo "2317"]
[BlackElo "2479"]
[PlyCount "33"]
[EventDate "2016.09.10"]
[EventType "team-tourn"]
[EventRounds "11"]
[EventCountry "CZE"]
[SourceTitle "EXT 2022"]
[Source "ChessBase"]
[SourceDate "2021.10.06"]
[SourceVersion "1"]
[SourceVersionDate "2021.10.06"]
[SourceQuality "1"]
[WhiteTeam "Vsetin"]
[BlackTeam "Lipovec Garde"]
[WhiteTeamCountry "CZE"]
[BlackTeamCountry "CZE"]

1. d4 Nf6 2. c4 g6 3. Nc3 d5 4. Bf4 Bg7 5. e3 c5 6. dxc5 Qa5 7. Rc1 dxc4 8. Bxc4 0-0 9. Nf3 Qxc5 10. Bb3 Nc6 11. 0-0 Qa5 12. h3 Qa6 13. Ne5 Nxe5 14. Bxe5 Be6 15. Bxe6 Qxe6 16. Bd4 a6 17. Qf3 1/2-1/2

[Event "CZE-chT1E 1617"]
[Site "Czech Republic"]
[Date "2017.02.19"]
[Round "8.4"]
[White "Kanovsky, David"]
[Black "Kalod, Radek"]
[Result "1/2-1/2"]
[WhiteElo "2419"]
[BlackElo "2479"]
[PlyCount "54"]
[EventDate "2016.10.16"]
[EventType "team-tourn"]
[EventRounds "11"]
[EventCountry "CZE"]
[SourceTitle "CBM 177 Extra"]
[Source "ChessBase"]
[SourceDate "2017.04.27"]
[SourceVersion "1"]
[SourceVersionDate "2017.04.27"]
[SourceQuality "1"]
[WhiteTeam "Grygov"]
[BlackTeam "Brno Moravska Slavia"]
[WhiteTeamCountry "CZE"]
[BlackTeamCountry "CZE"]

1. e4 e5 2. Nf3 Nc6 3. Bb5 Nf6 4. d3 d6 5. c3 g6 6. 0-0 Bg7 7. Re1 0-0 8. Nbd2 Bd7 9. Nf1 Qe8 10. Ng3 Nd4 11. Nxd4 Bxb5 12. Nxb5 Qxb5 13. a4 Qd7 14. d4 exd4 15. cxd4 c5 16. Bg5 Rfe8 17. Bxf6 Bxf6 18. dxc5 Bxb2 19. Rb1 Be5 20. cxd6 Rad8 21. Rb5 Qxd6 22. Rd5 Qe7 23. Qd3 Bxg3 24. hxg3 Rxd5 25. Qxd5 Rd8 26. Qb5 Qd7 27. Rb1 Qxb5 1/2-1/2

[Event "CZE-chT2E 1617"]
[Site "Czech Republic"]
[Date "2016.10.23"]
[Round "2.1"]
[White "Lanc, Alois"]
[Black "Kalod, Radek"]
[Result "1/2-1/2"]
[WhiteElo "2310"]
[BlackElo "2479"]
[PlyCount "27"]
[EventDate "2016.09.10"]
[EventType "team-tourn"]
[EventRounds "11"]
[EventCountry "CZE"]
[SourceTitle "EXT 2022"]
[Source "ChessBase"]
[SourceDate "2021.10.06"]
[SourceVersion "1"]
[SourceVersionDate "2021.10.06"]
[SourceQuality "1"]
[WhiteTeam "Kromeriz Slavia II"]
[BlackTeam "Lipovec Garde"]
[WhiteTeamCountry "CZE"]
[BlackTeamCountry "CZE"]

1. e4 c5 2. Nf3 d6 3. d4 cxd4 4. Nxd4 Nf6 5. Nc3 a6 6. f4 e6 7. Qf3 Qb6 8. Nb3 Qc7 9. g4 b5 10. g5 Nfd7 11. a3 Bb7 12. Bg2 Be7 13. 0-0 Nc5 14. Nxc5 1/2-1/2

[Event "CZE-chT2E 1617"]
[Site "Czech Republic"]
[Date "2016.10.09"]
[Round "1.1"]
[White "Kalod, Radek"]
[Black "Skacelik, Petr"]
[Result "1-0"]
[WhiteElo "2479"]
[BlackElo "2162"]
[PlyCount "71"]
[EventDate "2016.09.10"]
[EventType "team-tourn"]
[EventRounds "11"]
[EventCountry "CZE"]
[SourceTitle "EXT 2022"]
[Source "ChessBase"]
[SourceDate "2021.10.06"]
[SourceVersion "1"]
[SourceVersionDate "2021.10.06"]
[SourceQuality "1"]
[WhiteTeam "Lipovec Garde"]
[BlackTeam "Brno Duras II"]
[WhiteTeamCountry "CZE"]
[BlackTeamCountry "CZE"]

1. e4 c5 2. Nf3 d6 3. d4 cxd4 4. Nxd4 Nf6 5. Nc3 a6 6. Bg5 e6 7. f4 Nbd7 8. Qe2 Qc7 9. 0-0-0 Be7 10. g4 b5 11. a3 Bb7 12. h4 Rc8 13. Rh3 h5 14. Bxf6 Nxf6 15. g5 Nd7 16. f5 e5 17. Nb3 Nb6 18. Kb1 Nc4 19. Nd5 Bxd5 20. Rxd5 Qb8 21. Ka2 Bd8 22. Qd1 Bb6 23. Bxc4 bxc4 24. Nc1 Rc6 25. Ne2 g6 26. fxg6 fxg6 27. Rf3 Bd8 28. Nc3 Rf8 29. Rd2 Rxf3 30. Qxf3 Qb7 31. Rf2 Qg7 32. Nd5 Rc5 33. Qh3 Qg8 34. Rf6 Rc6 35. Re6+ Kf7 36. Rxe5 1-0

[Event "CZE-chT2E 1516"]
[Site "Czech Republic"]
[Date "2016.03.13"]
[Round "9.1"]
[White "Burdalev, Kirill"]
[Black "Kalod, Radek"]
[Result "1/2-1/2"]
[WhiteElo "2351"]
[BlackElo "2478"]
[PlyCount "43"]
[EventDate "2015.10.18"]
[EventType "team-tourn"]
[EventRounds "11"]
[EventCountry "CZE"]
[SourceTitle "EXT 2022"]
[Source "ChessBase"]
[SourceDate "2021.10.06"]
[SourceVersion "1"]
[SourceVersionDate "2021.10.06"]
[SourceQuality "1"]
[WhiteTeam "Brno Lokomotiva II"]
[BlackTeam "Lipovec Garde"]
[WhiteTeamCountry "CZE"]
[BlackTeamCountry "CZE"]

1. Nf3 Nf6 2. c4 c5 3. Nc3 e6 4. g3 b6 5. Bg2 Bb7 6. 0-0 Be7 7. d4 cxd4 8. Qxd4 d6 9. Rd1 a6 10. Bg5 Nbd7 11. Nd2 Bxg2 12. Kxg2 Rc8 13. Nde4 Rc6 14. Nxf6+ Nxf6 15. Ne4 0-0 16. Nxf6+ Bxf6 17. Bxf6 Qxf6 18. Qxf6 gxf6 19. b3 f5 20. a4 a5 21. Rd4 Kg7 22. Rad1 1/2-1/2

[Event "CZE-chT2E 1516"]
[Site "Czech Republic"]
[Date "2016.02.07"]
[Round "7.1"]
[White "Kalod, Radek"]
[Black "Vymazal, Bronislav"]
[Result "1-0"]
[WhiteElo "2478"]
[BlackElo "2301"]
[PlyCount "100"]
[EventDate "2015.10.18"]
[EventType "team-tourn"]
[EventRounds "11"]
[EventCountry "CZE"]
[SourceTitle "EXT 2022"]
[Source "ChessBase"]
[SourceDate "2021.10.06"]
[SourceVersion "1"]
[SourceVersionDate "2021.10.06"]
[SourceQuality "1"]
[WhiteTeam "Lipovec Garde"]
[BlackTeam "Brno Duras II"]
[WhiteTeamCountry "CZE"]
[BlackTeamCountry "CZE"]

1. e4 e5 2. Nf3 Nc6 3. Bb5 a6 4. Bxc6 dxc6 5. 0-0 f6 6. d4 Bg4 7. dxe5 Qxd1 8. Rxd1 fxe5 9. Rd3 Bd6 10. Nbd2 Nf6 11. b3 0-0-0 12. Bb2 Bxf3 13. Nxf3 Rhe8 14. Rad1 Rd7 15. Nd2 b5 16. Kf1 Rf7 17. Ke2 Nh5 18. g3 Ref8 19. Nf3 g6 20. c4 Nf6 21. Nd2 Nd7 22. Rf3 Kd8 23. Rxf7 Rxf7 24. Nf3 Ke7 25. h4 Rf8 26. Rc1 c5 27. Rh1 h5 28. Rc1 Rb8 29. Rc2 Kf6 30. Ne1 Ke6 31. Nd3 Rf8 32. Bc1 Nb6 33. cxb5 axb5 34. Nxc5+ Kf7 35. Be3 Ra8 36. Nb7 Nd7 37. Rd2 Ke6 38. Nxd6 cxd6 39. f3 Nb8 40. f4 Nc6 41. fxe5 Nxe5 42. Bf4 Nf7 43. Kd3 Rc8 44. Rc2 Ra8 45. Kc3 Rc8+ 46. Kb2 Ra8 47. Rd2 b4 48. Rd4 Rb8 49. Bd2 Ke5 50. Rc4 Rb6 1-0

[Event "CZE-chT1E 1516"]
[Site "Czech Republic"]
[Date "2016.01.17"]
[Round "6.2"]
[White "Talla, Vladimir"]
[Black "Kalod, Radek"]
[Result "1/2-1/2"]
[WhiteElo "2445"]
[BlackElo "2472"]
[PlyCount "77"]
[EventDate "2015.10.11"]
[EventType "team-tourn"]
[EventRounds "11"]
[EventCountry "CZE"]
[SourceTitle "CBM 170 Extra"]
[Source "ChessBase"]
[SourceDate "2016.02.25"]
[SourceVersion "1"]
[SourceVersionDate "2016.02.25"]
[SourceQuality "1"]
[WhiteTeam "Orlova Slavia"]
[BlackTeam "Brno Moravska Slavia"]
[WhiteTeamCountry "CZE"]
[BlackTeamCountry "CZE"]

1. d4 Nf6 2. c4 g6 3. Nc3 d5 4. cxd5 Nxd5 5. e4 Nxc3 6. bxc3 Bg7 7. Be3 c5 8. Qd2 Qa5 9. Nf3 Nc6 10. Rb1 b6 11. Bd3 Ba6 12. Bxa6 Qxa6 13. Qe2 Qa4 14. Qb5 Qxb5 15. Rxb5 cxd4 16. cxd4 Rc8 17. Ke2 Na5 18. Kd3 0-0 19. Rc1 Rxc1 20. Bxc1 Rc8 21. Bd2 Nc4 22. Bc3 e6 23. Rb4 Nd6 24. Bd2 Kf8 25. a4 Nb7 26. Rb5 Ke8 27. a5 Rc6 28. axb6 Rxb6 29. Rxb6 axb6 30. Bb4 Na5 31. Bxa5 bxa5 32. Kc4 Bf8 33. Kb5 Bb4 34. Ne5 Bc3 35. Nc6 Kd7 36. f3 a4 37. Ne5+ Ke8 38. Kxa4 Bxd4 39. Nc4 1/2-1/2

[Event "CZE-chT1E 1516"]
[Site "Czech Republic"]
[Date "2015.11.29"]
[Round "4.1"]
[White "Kalod, Radek"]
[Black "Zwardon, Vojtech"]
[Result "1-0"]
[WhiteElo "2472"]
[BlackElo "2424"]
[PlyCount "79"]
[EventDate "2015.10.11"]
[EventType "team-tourn"]
[EventRounds "11"]
[EventCountry "CZE"]
[SourceTitle "EXT 2017"]
[Source "ChessBase"]
[SourceDate "2016.10.25"]
[SourceVersion "1"]
[SourceVersionDate "2016.10.25"]
[SourceQuality "1"]
[WhiteTeam "Brno Moravska Slavia"]
[BlackTeam "Brno Lokomotiva"]
[WhiteTeamCountry "CZE"]
[BlackTeamCountry "CZE"]

1. e4 c5 2. b3 Nf6 3. e5 Nd5 4. Bb2 g6 5. e6 f6 6. Bb5 Nc6 7. exd7+ Bxd7 8. Nc3 Nf4 9. Qf3 Ne6 10. Nce2 a6 11. Bc4 Ng5 12. Qe3 Bg7 13. Qxc5 Rc8 14. h4 Ne4 15. Qe3 Nd6 16. Bc3 Nf5 17. Qe4 b5 18. Be6 b4 19. Bb2 Ng3 20. fxg3 f5 21. Qd5 Bxb2 22. Rb1 Bf6 23. Nf3 Nb8 24. Nf4 Bxe6 25. Qxe6 Rc6 26. Qe3 Rxc2 27. 0-0 e5 28. Nxe5 Qxd2 29. Qb6 0-0 30. Rbd1 Qc3 31. Qe6+ Kg7 32. Nf3 Rxa2 33. Kh2 Qc8 34. Qd5 Re8 35. Rfe1 Rxe1 36. Rxe1 Qc6 37. Qd3 Nd7 38. Re6 Qb7 39. Qd6 Ne5 40. Nxe5 1-0

[Event "CZE-chT2E 1415"]
[Site "Czech Republic"]
[Date "2015.01.11"]
[Round "5.1"]
[White "Kalod, Radek"]
[Black "Jacko, Vladimir1"]
[Result "1/2-1/2"]
[WhiteElo "2479"]
[BlackElo "2279"]
[PlyCount "77"]
[EventDate "2014.11.02"]
[EventType "team-tourn"]
[EventRounds "11"]
[EventCountry "CZE"]
[SourceTitle "EXT 2022"]
[Source "ChessBase"]
[SourceDate "2021.10.06"]
[SourceVersion "1"]
[SourceVersionDate "2021.10.06"]
[SourceQuality "1"]
[WhiteTeam "Brno Moravska Slavia"]
[BlackTeam "Orechov"]
[WhiteTeamCountry "CZE"]
[BlackTeamCountry "CZE"]

1. e4 c5 2. Nf3 Nc6 3. d4 cxd4 4. Nxd4 g6 5. c4 Bg7 6. Be3 Nf6 7. Nc3 0-0 8. Be2 d6 9. 0-0 Bd7 10. Qd2 Nxd4 11. Bxd4 Bc6 12. f3 a5 13. b3 Nd7 14. Be3 Nc5 15. Rab1 Qb6 16. Rfc1 Rfc8 17. Rc2 h5 18. Bf1 Qd8 19. a3 Kh7 20. b4 axb4 21. axb4 Ne6 22. Nd5 Ra3 23. Kh1 Rca8 24. Qf2 Ra1 25. Rxa1 Rxa1 26. Ra2 Rb1 27. Kg1 Bxd5 28. exd5 Nc7 29. b5 Ne8 30. Qc2 Ra1 31. Rxa1 Bxa1 32. Qa4 Bc3 33. Qa7 Qc8 34. Qa3 Bg7 35. c5 dxc5 36. Qxc5 Qxc5 37. Bxc5 Nd6 38. Bd3 Bc3 39. Kf2 1/2-1/2

[Event "CZE-chT2E 1415"]
[Site "Czech Republic"]
[Date "2014.12.14"]
[Round "4.1"]
[White "Kulovana, Eva"]
[Black "Kalod, Radek"]
[Result "0-1"]
[WhiteElo "2255"]
[BlackElo "2479"]
[PlyCount "130"]
[EventDate "2014.11.02"]
[EventType "team-tourn"]
[EventRounds "11"]
[EventCountry "CZE"]
[SourceTitle "EXT 2022"]
[Source "ChessBase"]
[SourceDate "2021.10.06"]
[SourceVersion "1"]
[SourceVersionDate "2021.10.06"]
[SourceQuality "1"]
[WhiteTeam "Dalesice Pivovar"]
[BlackTeam "Brno Moravska Slavia"]
[WhiteTeamCountry "CZE"]
[BlackTeamCountry "CZE"]

1. e4 c5 2. Nf3 d6 3. Bb5+ Bd7 4. Bxd7+ Nxd7 5. d3 Ngf6 6. Nc3 e6 7. Ng5 Be7 8. f4 0-0 9. 0-0 d5 10. Qf3 h6 11. Nh3 Nb8 12. Ne2 Nc6 13. c3 c4 14. exd5 cxd3 15. dxc6 dxe2 16. Qxe2 Qb6+ 17. Be3 Qxc6 18. c4 a6 19. Rac1 Rfd8 20. Nf2 Rac8 21. b3 Kf8 22. Rc2 Nd5 23. Bc1 b5 24. Nd3 bxc4 25. Rxc4 Qb6+ 26. Kh1 Rxc4 27. bxc4 Nc3 28. Qc2 Ne4 29. Ne5 f5 30. Ng6+ Kf7 31. Nxe7 Kxe7 32. Qe2 Qd4 33. Bb2 Nf2+ 34. Rxf2 Qxb2 35. g3 Qxe2 36. Rxe2 Rd1+ 37. Kg2 Rc1 38. Re3 Rxc4 39. Ra3 Rc6 40. h4 Kf6 41. Kf3 g5 42. hxg5+ hxg5 43. Ra5 g4+ 44. Kf2 Ke7 45. Ke3 Rc3+ 46. Kf2 Rc2+ 47. Kf1 Rc6 48. Kf2 Kd7 49. Ra3 Kd6 50. Ra5 Kc7 51. Ra3 Kb6 52. Ke3 Rd6 53. Ke2 a5 54. Ke3 Kb5 55. Rb3+ Kc4 56. Ra3 Rd5 57. Ke2 Rb5 58. Ke3 Kb4 59. Rd3 a4 60. Rd6 Ka3 61. Rxe6 Kxa2 62. Kd4 a3 63. Re2+ Kb3 64. Re3+ Kb4 65. Re2 Ra5 0-1

[Event "CZE-chT2E 1415"]
[Site "Czech Republic"]
[Date "2014.11.02"]
[Round "1.1"]
[White "Kalod, Radek"]
[Black "Mudrak, Josef"]
[Result "1-0"]
[WhiteElo "2479"]
[BlackElo "2337"]
[PlyCount "65"]
[EventDate "2014.11.02"]
[EventType "team-tourn"]
[EventRounds "11"]
[EventCountry "CZE"]
[SourceTitle "EXT 2022"]
[Source "ChessBase"]
[SourceDate "2021.10.06"]
[SourceVersion "1"]
[SourceVersionDate "2021.10.06"]
[SourceQuality "1"]
[WhiteTeam "Brno Moravska Slavia"]
[BlackTeam "Kromeriz Slavia II"]
[WhiteTeamCountry "CZE"]
[BlackTeamCountry "CZE"]

1. e4 e5 2. Nf3 d6 3. d4 exd4 4. Nxd4 Nf6 5. Nc3 Be7 6. Nde2 0-0 7. g3 c6 8. Bg2 Re8 9. 0-0 a6 10. a4 b6 11. h3 Qc7 12. g4 Bf8 13. Ng3 Bb7 14. b3 d5 15. exd5 cxd5 16. Bb2 d4 17. Bxb7 Qxb7 18. Nce2 Nc6 19. Nxd4 Rad8 20. Qf3 Nd5 21. Rfe1 Na5 22. Rxe8 Rxe8 23. Rd1 Nb4 24. Qxb7 Nxb7 25. Nf1 Nd5 26. Nf5 Nf4 27. Bc1 Ne2+ 28. Kg2 Nxc1 29. Rxc1 g6 30. N5e3 Bc5 31. Rd1 Nd6 32. Nd5 Re2 33. Nfe3 1-0

[Event "CZE-chT1E 1314"]
[Site "Czech Republic"]
[Date "2014.04.13"]
[Round "11.2"]
[White "Kalod, Radek"]
[Black "Rojicek, Vojtech"]
[Result "1-0"]
[WhiteElo "2486"]
[BlackElo "2424"]
[PlyCount "75"]
[EventDate "2013.10.20"]
[EventType "team-tourn"]
[EventRounds "11"]
[EventCountry "CZE"]
[SourceTitle "EXT 2015"]
[Source "ChessBase"]
[SourceDate "2014.11.20"]
[SourceVersion "1"]
[SourceVersionDate "2014.11.20"]
[SourceQuality "1"]
[WhiteTeam "Brno Lokomotiva"]
[BlackTeam "Frydek Mistek II"]
[WhiteTeamCountry "CZE"]
[BlackTeamCountry "CZE"]

1. e4 c6 2. d4 d5 3. exd5 cxd5 4. c4 Nf6 5. Nc3 Nc6 6. Bf4 Be6 7. c5 g6 8. Bb5 Bg7 9. Nge2 0-0 10. 0-0 Ne8 11. a3 f6 12. Qd2 Bf7 13. Rad1 Nc7 14. Ba4 Na5 15. b4 Nc4 16. Qc1 g5 17. Bxc7 Qxc7 18. Bb5 Qd8 19. Rfe1 a5 20. Bxc4 dxc4 21. d5 axb4 22. axb4 b6 23. Nd4 bxc5 24. Nc6 Qb6 25. b5 Bh5 26. Re4 Kh8 27. Rde1 f5 28. Rxe7 Bf6 29. R7e6 Qc7 30. d6 Qg7 31. Nd5 Bb2 32. Qxc4 Bf7 33. Re7 Qg8 34. Qc2 Bg7 35. Nc7 Ra2 36. Qxc5 Bb3 37. d7 Rc2 38. Qd6 1-0

[Event "CZE-chT1E 1314"]
[Site "Czech Republic"]
[Date "2014.02.22"]
[Round "10.2"]
[White "Roubalik, Jakub"]
[Black "Kalod, Radek"]
[Result "1/2-1/2"]
[WhiteElo "2329"]
[BlackElo "2486"]
[PlyCount "71"]
[EventDate "2013.10.20"]
[EventType "team-tourn"]
[EventRounds "11"]
[EventCountry "CZE"]
[SourceTitle "EXT 2015"]
[Source "ChessBase"]
[SourceDate "2014.11.20"]
[SourceVersion "1"]
[SourceVersionDate "2014.11.20"]
[SourceQuality "1"]
[WhiteTeam "Zlin"]
[BlackTeam "Brno Lokomotiva"]
[WhiteTeamCountry "CZE"]
[BlackTeamCountry "CZE"]

1. d4 Nf6 2. c4 g6 3. Nc3 d5 4. cxd5 Nxd5 5. e4 Nxc3 6. bxc3 Bg7 7. Bc4 c5 8. Ne2 Nc6 9. Be3 0-0 10. 0-0 Bd7 11. Qd2 Qc7 12. Rac1 Rfd8 13. h4 Rac8 14. h5 cxd4 15. cxd4 Qa5 16. hxg6 hxg6 17. Qxa5 Nxa5 18. Bd3 e6 19. Bd2 Nc6 20. e5 Ne7 21. Bg5 Kf8 22. f4 Rxc1 23. Rxc1 Rc8 24. Rb1 Bc6 25. Kf2 Nd5 26. g4 Rc7 27. Bd8 Rd7 28. Ba5 f5 29. Bd2 Kf7 30. Kg3 Rd8 31. g5 Bf8 32. a4 Be7 33. a5 a6 34. Kf2 Rh8 35. Kg3 Rc8 36. Kf2 1/2-1/2

[Event "CZE-chT1E 1314"]
[Site "Czech Republic"]
[Date "2014.02.09"]
[Round "7.2"]
[White "Cerveny, Martin"]
[Black "Kalod, Radek"]
[Result "0-1"]
[WhiteElo "2342"]
[BlackElo "2486"]
[PlyCount "152"]
[EventDate "2013.10.20"]
[EventType "team-tourn"]
[EventRounds "11"]
[EventCountry "CZE"]
[SourceTitle "EXT 2015"]
[Source "ChessBase"]
[SourceDate "2014.11.20"]
[SourceVersion "1"]
[SourceVersionDate "2014.11.20"]
[SourceQuality "1"]
[WhiteTeam "Polabiny"]
[BlackTeam "Brno Lokomotiva"]
[WhiteTeamCountry "CZE"]
[BlackTeamCountry "CZE"]

1. d4 Nf6 2. c4 g6 3. Nc3 d5 4. cxd5 Nxd5 5. e4 Nxc3 6. bxc3 Bg7 7. Nf3 c5 8. Rb1 0-0 9. Be2 Nc6 10. d5 Ne5 11. Nxe5 Bxe5 12. Qd2 e6 13. f4 Bc7 14. 0-0 exd5 15. exd5 Ba5 16. d6 Rb8 17. Ba3 Bf5 18. Rb5 Bd7 19. Rb3 Be6 20. f5 gxf5 21. Qh6 Bxb3 22. Rf3 f4 23. axb3 f5 24. Rh3 Qd7 25. Qxf4 Rf6 26. Rg3+ Rg6 27. Bb2 Rxg3 28. hxg3 Qg7 29. d7 Rd8 30. Bc4+ Kh8 31. Be6 c4 32. Qxc4 Bb6+ 33. Kf1 Qxg3 34. Qe2 Qf4+ 35. Ke1 Kg7 36. Kd1 Kf6 37. Bd5 Qe5 38. c4 Bd4 39. Bxd4 Qxd4+ 40. Kc2 Qe5 41. Qd2 Rxd7 42. Qh6+ Ke7 43. Qxh7+ Kd8 44. Qg8+ Kc7 45. Kb1 Re7 46. Ka2 Qg7 47. Qxg7 Rxg7 48. Ka3 a5 49. Ka4 Kb6 50. b4 axb4 51. Kxb4 Rg4 52. Be6 Rg5 53. Bd5 Rg3 54. c5+ Kc7 55. Bf3 Rg7 56. Kc4 f4 57. Kd4 Re7 58. Kd5 Re8 59. Kd4 Re1 60. Be4 Rc1 61. Bf3 Kb8 62. Kd5 Kc7 63. Kd4 Ra1 64. Kc4 Ra2 65. Kb4 Rc2 66. Be4 Rc1 67. Bf3 b6 68. cxb6+ Kxb6 69. Kb3 Kc5 70. Kb2 Rc4 71. Be2 Re4 72. Bf3 Re3 73. Bb7 Kd4 74. Kc2 Re2+ 75. Kb3 Re7 76. Ba6 Rc7 0-1

[Event "CZE-chT2E 1314"]
[Site "Czech Republic"]
[Date "2014.01.19"]
[Round "6.1"]
[White "Kalod, Radek"]
[Black "David, Pavel"]
[Result "1/2-1/2"]
[WhiteElo "2486"]
[BlackElo "2363"]
[PlyCount "38"]
[EventDate "2013.11.03"]
[EventType "team-tourn"]
[EventRounds "11"]
[EventCountry "CZE"]
[SourceTitle "EXT 2016"]
[Source "ChessBase"]
[SourceDate "2015.10.08"]
[SourceVersion "1"]
[SourceVersionDate "2015.10.08"]
[SourceQuality "1"]
[WhiteTeam "Brno Moravska Slavia"]
[BlackTeam "Lipovec Garde"]
[WhiteTeamCountry "CZE"]
[BlackTeamCountry "CZE"]

1. e4 c6 2. c4 d5 3. exd5 cxd5 4. d4 Nf6 5. Nc3 Nc6 6. Nf3 Bg4 7. cxd5 Nxd5 8. Qb3 Bxf3 9. gxf3 e6 10. Qxb7 Nxd4 11. Bb5+ Nxb5 12. Qc6+ Ke7 13. Qxb5 Qd7 14. Bg5+ f6 15. Nxd5+ Qxd5 16. Qxd5 exd5 17. Be3 Ke6 18. 0-0-0 Bb4 19. Kb1 Rhd8 1/2-1/2

[Event "CZE-ch blitz prelim"]
[Site "Brno"]
[Date "2013.12.21"]
[Round "7"]
[White "Zilka, Stepan"]
[Black "Kalod, Radek"]
[Result "1/2-1/2"]
[WhiteElo "2528"]
[BlackElo "2486"]
[PlyCount "61"]
[EventDate "2013.12.21"]
[EventType "swiss (blitz)"]
[EventRounds "13"]
[EventCountry "CZE"]
[SourceTitle "CBM 158 Extra"]
[Source "ChessBase"]
[SourceDate "2014.02.28"]
[SourceVersion "1"]
[SourceVersionDate "2014.02.28"]
[SourceQuality "1"]

1. Nf3 Nf6 2. g3 d5 3. Bg2 c6 4. d3 Bg4 5. 0-0 Nbd7 6. h3 Bh5 7. Nbd2 Qc7 8. c4 e5 9. cxd5 cxd5 10. e4 dxe4 11. Nxe4 Nxe4 12. dxe4 Bc5 13. Qe2 0-0 14. Rd1 Rfd8 15. g4 Bg6 16. h4 Nf6 17. Rxd8+ Rxd8 18. Ng5 Qd7 19. Bf3 h6 20. h5 Bh7 21. Nxh7 Nxh7 22. Kg2 Qe7 23. Bd2 Ng5 24. Bxg5 Qxg5 25. Rd1 Rxd1 26. Qxd1 Bd4 27. Qc2 Kh7 28. Qc8 Qd2 29. Qf5+ Kg8 30. Qc8+ Kh7 31. Qf5+ 1/2-1/2